[Event "EU-ch U16 19th"]
[Site "Fermo"]
[Date "2009.09.08"]
[Round "8"]
[White "Mammadov, Zaur Fazahir Oglu"]
[Black "Botto, Julien"]
[Result "1-0"]
[WhiteElo "2235"]
[BlackElo "1906"]
[PlyCount "57"]
[EventDate "2009.08.31"]
[EventType "swiss"]
[EventRounds "9"]
[EventCountry "ITA"]
[SourceTitle "CBM 132 Extra"]
[Source "ChessBase"]
[SourceDate "2009.11.03"]
[SourceVersion "1"]
[SourceVersionDate "2009.11.03"]
[SourceQuality "1"]

1. e4 c5 2. c3 Nf6 3. e5 Nd5 4. Nf3 e6 5. d4 cxd4 6. cxd4 d6 7. Nc3 Nxc3 8. bxc3 Nc6 9. exd6 Bxd6 10. Bd3 Ne7 11. 0-0 Ng6 12. Qc2 0-0 13. Bg5 Qc7 14. h4 Re8 15. h5 Nf8 16. Rae1 h6 17. Bd2 Nd7 18. Qc1 Bf8 19. Bb1 b6 20. Qc2 Nf6 21. Re3 Bb7 22. Ne5 Bd6 23. Rg3 Bxe5 24. dxe5 Qxe5 25. Bxh6 Nxh5 26. Qh7+ Kf8 27. Bc1 g6 28. Ba3+ Re7 29. Bxg6 1-0

[Event "EU-ch U16 19th"]
[Site "Fermo"]
[Date "2009.09.02"]
[Round "3"]
[White "Notkevich, Benjamin Arvola"]
[Black "Botto, Julien"]
[Result "1-0"]
[WhiteElo "2144"]
[BlackElo "1906"]
[PlyCount "69"]
[EventDate "2009.08.31"]
[EventType "swiss"]
[EventRounds "9"]
[EventCountry "ITA"]
[SourceTitle "CBM 132 Extra"]
[Source "ChessBase"]
[SourceDate "2009.11.03"]
[SourceVersion "1"]
[SourceVersionDate "2009.11.03"]
[SourceQuality "1"]

1. c4 c6 2. d4 d5 3. Nc3 Nf6 4. Nf3 e6 5. Bg5 dxc4 6. e4 b5 7. e5 h6 8. Bh4 g5 9. Nxg5 hxg5 10. Bxg5 Nbd7 11. exf6 Bb7 12. g3 Qb6 13. Bg2 0-0-0 14. 0-0 c5 15. d5 b4 16. Na4 Qa6 17. a3 b3 18. dxe6 Bxg2 19. Re1 Qxa4 20. Kxg2 Qc6+ 21. Kg1 Ne5 22. Qxd8+ Kxd8 23. e7+ Bxe7 24. fxe7+ Kc8 25. Rxe5 f6 26. Rf5 Re8 27. Bxf6 Qd6 28. Re1 Kd7 29. Re3 Kc6 30. h4 Qd7 31. Rfe5 Kb5 32. Re6 Qd5 33. Bc3 Qd1+ 34. Re1 Qf3 35. a4+ 1-0

[Event "EU-ch U16 19th"]
[Site "Fermo"]
[Date "2009.08.31"]
[Round "1"]
[White "Fernandez Garcia, Jose Miguel"]
[Black "Botto, Julien"]
[Result "0-1"]
[WhiteElo "2261"]
[BlackElo "1906"]
[PlyCount "86"]
[EventDate "2009.08.31"]
[EventType "swiss"]
[EventRounds "9"]
[EventCountry "ITA"]
[SourceTitle "CBM 132 Extra"]
[Source "ChessBase"]
[SourceDate "2009.11.03"]
[SourceVersion "1"]
[SourceVersionDate "2009.11.03"]
[SourceQuality "1"]

1. e4 c5 2. Nc3 Nc6 3. Bb5 Nd4 4. Bc4 a6 5. Nf3 e6 6. Nxd4 cxd4 7. Ne2 b5 8. Bb3 Bb7 9. d3 Bc5 10. 0-0 Ne7 11. c3 dxc3 12. bxc3 f5 13. Nf4 0-0 14. d4 Bb6 15. e5 Qc7 16. Ba3 Rf7 17. Rc1 Qc6 18. Bxe7 Rxe7 19. d5 Qc5 20. Qh5 a5 21. dxe6 a4 22. Bc2 dxe6 23. Qg5 Rae8 24. Qg3 Rc7 25. Bd3 Qxe5 26. Rfe1 Qf6 27. Bxb5 Bc6 28. Bxc6 Rxc6 29. Qf3 Rec8 30. c4 Rxc4 31. Rxc4 Rxc4 32. g3 Rc2 33. Re2 Rxe2 34. Qxe2 Kf7 35. Qb5 Qd4 36. Qe2 e5 37. Qh5+ Ke7 38. Nh3 Qa1+ 39. Kg2 Qxa2 40. Ng5 Qxf2+ 41. Kh3 Qf1+ 42. Kh4 Qc4+ 43. Kh3 Qg4+ 0-1

[Event "FRA-ch U16"]
[Site "Aix les Bains"]
[Date "2009.04.20"]
[Round "3"]
[White "Botto, Julien"]
[Black "Brunier, Jules"]
[Result "0-1"]
[WhiteElo "1923"]
[BlackElo "2004"]
[PlyCount "90"]
[EventDate "2009.04.19"]
[EventType "swiss"]
[EventRounds "9"]
[EventCountry "FRA"]
[SourceTitle "CBM 130 Extra"]
[Source "ChessBase"]
[SourceDate "2009.07.02"]
[SourceVersion "2"]
[SourceVersionDate "2009.07.15"]
[SourceQuality "1"]

1. e4 e6 2. d4 d5 3. Nd2 Nc6 4. c3 e5 5. Bb5 exd4 6. cxd4 dxe4 7. Nxe4 Qd5 8. Qe2 Be6 9. Nf3 0-0-0 10. Nc3 Qd6 11. Be3 Nf6 12. 0-0 Nb4 13. Rac1 Nbd5 14. Nxd5 Nxd5 15. Ne5 h5 16. Nc4 Qe7 17. Na5 Qb4 18. Nb3 a6 19. Bd3 Bd6 20. Nc5 Bg4 21. Qc2 Rhe8 22. Qd2 Qxd2 23. Bxd2 Nf4 24. Bxf4 Bxf4 25. Rce1 Bd2 26. Rxe8 Rxe8 27. Nb3 Bg5 28. h3 Be6 29. Bc2 Rd8 30. Rd1 Bf6 31. Kf1 b6 32. Bd3 Kb7 33. Be4+ c6 34. Rc1 Rd6 35. Rc3 g5 36. Ke2 a5 37. Ke3 a4 38. Nc1 Bxd4+ 39. Kd3 Bxc3+ 40. Kxc3 Bd5 41. Bxd5 Rxd5 42. Nd3 c5 43. b3 axb3 44. axb3 Kc6 45. f3 Rxd3+ 0-1

[Event "EU-Cup 24th"]
[Site "Kallithea"]
[Date "2008.10.22"]
[Round "6"]
[White "Botto, Julien"]
[Black "Ilic, Ljubomir"]
[Result "1/2-1/2"]
[WhiteElo "1907"]
[BlackElo "2297"]
[PlyCount "112"]
[EventDate "2008.10.17"]
[EventType "team-swiss"]
[EventRounds "7"]
[EventCountry "GRE"]
[SourceTitle "CBM 127"]
[Source "ChessBase"]
[SourceDate "2008.11.13"]
[SourceVersion "1"]
[SourceVersionDate "2008.11.13"]
[SourceQuality "1"]
[WhiteTeam "Monaco"]
[BlackTeam "Skopje Gambit Peksim"]
[WhiteTeamCountry "MNC"]
[BlackTeamCountry "MKD"]

1. e4 c5 2. Nf3 e6 3. d4 cxd4 4. Nxd4 a6 5. Be3 Nc6 6. Nc3 Qc7 7. Qd2 Nf6 8. f3 Bb4 9. 0-0-0 Ne5 10. Nb3 Bxc3 11. Qxc3 Qxc3 12. bxc3 b5 13. Bc5 d5 14. Bd6 Nc4 15. Bxc4 bxc4 16. Na5 Bd7 17. exd5 Nxd5 18. Nxc4 Rc8 19. Ne5 Nxc3 20. Rd2 Bb5 21. Kb2 f6 22. Nd3 Na4+ 23. Kc1 Kf7 24. Nf2 Nb6 25. Ne4 Nc4 26. Bb4 Nxd2 27. Nd6+ Kg6 28. Nxc8 Rxc8 29. Kxd2 h5 30. Re1 e5 31. Re4 Kf5 32. c3 g5 33. Ke1 g4 34. Kf2 Rd8 35. c4 Bc6 36. Re3 Rd4 37. a3 gxf3 38. gxf3 Rf4 39. Kg2 e4 40. fxe4+ Bxe4+ 41. Kg1 h4 42. h3 Bc6 43. c5 Rd4 44. Kf2 Be4 45. Rb3 Bd5 46. Re3 Bc6 47. Rb3 Rf4+ 48. Ke2 Bb5+ 49. Kd2 Rf2+ 50. Ke3 Rg2 51. Rc3 Bc6 52. Ba5 Rg3+ 53. Kf2 Rg2+ 54. Ke3 Rg3+ 55. Kf2 Rg2+ 56. Ke3 Rg3+ 1/2-1/2

[Event "EU-Cup 24th"]
[Site "Kallithea"]
[Date "2008.10.17"]
[Round "1"]
[White "Botto, Julien"]
[Black "Sulyok, Michael"]
[Result "0-1"]
[WhiteElo "1907"]
[BlackElo "2227"]
[PlyCount "90"]
[EventDate "2008.10.17"]
[EventType "team-swiss"]
[EventRounds "7"]
[EventCountry "GRE"]
[SourceTitle "CBM 127"]
[Source "ChessBase"]
[SourceDate "2008.11.13"]
[SourceVersion "1"]
[SourceVersionDate "2008.11.13"]
[SourceQuality "1"]
[WhiteTeam "Monaco"]
[BlackTeam "Baden Invest"]
[WhiteTeamCountry "MNC"]
[BlackTeamCountry "AUT"]

1. e4 g6 2. d4 Bg7 3. Nc3 d6 4. f4 a6 5. Nf3 b5 6. a3 Nd7 7. Bd3 Bb7 8. Ne2 c5 9. c3 Qb6 10. Be3 Ngf6 11. Qb1 0-0 12. h3 c4 13. Bc2 e5 14. 0-0 Rae8 15. Ng3 Bh6 16. Nd2 d5 17. Rf3 exf4 18. Bxf4 Bxf4 19. Rxf4 dxe4 20. Ngxe4 Nh5 21. Rf2 f5 22. Ng5 Qf6 23. Ngf3 Nf4 24. Qf1 Nd5 25. a4 Ne3 26. Qb1 g5 27. Nf1 g4 28. Ne1 Nxc2 29. Qxc2 Be4 30. Qd2 Qh4 31. Qf4 Nf6 32. axb5 Nh5 33. Qc7 Re7 34. Qxc4+ Ref7 35. bxa6 gxh3 36. Qe2 hxg2 37. Nxg2 Rg7 38. Nfe3 f4 39. Nf1 f3 40. Qc4+ Kh8 41. Nfe3 Nf4 42. Qc5 Nh3+ 43. Kh2 Qg3+ 44. Kh1 Nxf2+ 45. Kg1 Nh3+ 0-1

[Event "FRA-ch U14"]
[Site "Le Grand Bornand"]
[Date "2007.04.??"]
[Round "4"]
[White "Sochacki, Christophe"]
[Black "Botto, Julien"]
[Result "1/2-1/2"]
[WhiteElo "2065"]
[BlackElo "1870"]
[PlyCount "186"]
[EventDate "2007.04.07"]
[EventType "swiss"]
[EventRounds "9"]
[EventCountry "FRA"]
[SourceTitle "CBM 118 Extra"]
[Source "ChessBase"]
[SourceDate "2007.07.04"]
[SourceVersion "1"]
[SourceVersionDate "2007.07.04"]
[SourceQuality "1"]

1. e4 c5 2. Nf3 Nc6 3. d4 cxd4 4. Nxd4 Nf6 5. Nc3 e5 6. Ndb5 d6 7. Nd5 Nxd5 8. exd5 Ne7 9. c4 Ng6 10. Bd3 Be7 11. 0-0 f5 12. f3 a6 13. Nc3 Bg5 14. Qa4+ Bd7 15. Qb4 Bxc1 16. Raxc1 Qc7 17. Rf2 0-0 18. Rfc2 b6 19. a3 Ne7 20. Re1 Rfe8 21. Qb3 Rec8 22. Kh1 Kh8 23. a4 Qc5 24. Rcc1 Ra7 25. Qa3 a5 26. Re2 Rac7 27. Rb1 Rb8 28. b4 axb4 29. Qxb4 Qxb4 30. Rxb4 Ra7 31. Reb2 Nc8 32. Kg1 g6 33. Kf2 Rba8 34. Bc2 Kg7 35. Ke3 Kf6 36. Bd1 h5 37. g3 g5 38. f4 exf4+ 39. gxf4 g4 40. h4 Be8 41. Kf2 Re7 42. Re2 Raa7 43. Rbb2 Rxe2+ 44. Rxe2 Re7 45. Kg3 Rxe2 46. Nxe2 Bd7 47. Kf2 Ne7 48. Nd4 Nc8 49. Bc2 Ne7 50. Ne2 Nc8 51. Ng3 Kg6 52. Nf1 Kf6 53. Ne3 Ne7 54. Kg3 Nc8 55. Kg2 Ne7 56. Nf1 Nc8 57. Ng3 Kg6 58. Kf2 Ne7 59. Ke2 Ng8 60. Ke3 Nf6 61. Kd4 Nh7 62. Kc3 Nf6 63. Kd4 Ne8 64. Kc3 Nf6 65. Kb4 Ne8 66. a5 bxa5+ 67. Kxa5 Nf6 68. Kb6 Bc8 69. Kc7 Ba6 70. Nxf5 Bxc4 71. Nxd6+ Kg7 72. Nf5+ Kf7 73. d6 Be6 74. Nd4 Nd5+ 75. Kc6 Nxf4 76. Nxe6 Nxe6 77. Bb3 g3 78. Bd5 Ke8 79. Bxe6 g2 80. Kc7 g1Q 81. d7+ Ke7 82. d8Q+ Kxe6 83. Qe8+ Kf6 84. Qd8+ Kf5 85. Qd5+ Kf4 86. Qf7+ Ke4 87. Qxh5 Qg7+ 88. Kd6 Qf6+ 89. Kc7 Qe5+ 90. Qxe5+ Kxe5 91. h5 Kf6 92. Kd6 Kg5 93. h6 Kxh6 1/2-1/2

[Event "FRA-ch U12"]
[Site "Calvi"]
[Date "2005.04.22"]
[Round "7"]
[White "Botto, Julien"]
[Black "Viers, Emmanuel"]
[Result "1/2-1/2"]
[WhiteElo "1900"]
[BlackElo "1710"]
[PlyCount "86"]
[EventDate "2005.04.??"]
[EventType "swiss"]
[EventRounds "9"]
[EventCountry "FRA"]
[SourceTitle "EXT 2006"]
[Source "ChessBase"]
[SourceDate "2005.11.24"]
[SourceVersion "1"]
[SourceVersionDate "2005.11.24"]
[SourceQuality "1"]

1. e4 c5 2. Nc3 Nc6 3. g3 g6 4. Bg2 Bg7 5. Nge2 Nf6 6. 0-0 0-0 7. f4 d6 8. d3 Bd7 9. h3 Qc8 10. g4 e6 11. Qe1 Re8 12. g5 Nh5 13. Ng3 Nxg3 14. Qxg3 Nd4 15. Rf2 Bc6 16. h4 Qd7 17. h5 d5 18. h6 Bh8 19. Bh3 Qc7 20. Qh4 b5 21. e5 b4 22. Nd1 c4 23. Be3 Nb5 24. Bf1 d4 25. Bc1 c3 26. b3 a5 27. a4 Na7 28. Bg2 Nc8 29. Qh3 Ne7 30. Bxc6 Qxc6 31. Qg2 Qc7 32. Rf1 Nf5 33. Re1 Rad8 34. Nf2 Rd5 35. Ng4 Red8 36. Qf2 Ne7 37. Qf3 Nc6 38. Qe2 Rc5 39. Qe4 Rdd5 40. Qf3 Nb8 41. Qe2 Qe7 42. Qf3 Nd7 43. Qg3 Rc8 1/2-1/2

[Event "FRA-ch U12"]
[Site "Calvi"]
[Date "2005.04.19"]
[Round "3"]
[White "Peyre, Thomas"]
[Black "Botto, Julien"]
[Result "1/2-1/2"]
[WhiteElo "1730"]
[BlackElo "1900"]
[PlyCount "60"]
[EventDate "2005.04.??"]
[EventType "swiss"]
[EventRounds "9"]
[EventCountry "FRA"]
[SourceTitle "EXT 2006"]
[Source "ChessBase"]
[SourceDate "2005.11.24"]
[SourceVersion "1"]
[SourceVersionDate "2005.11.24"]
[SourceQuality "1"]

1. e4 c5 2. Nf3 Nc6 3. d4 cxd4 4. Nxd4 Nf6 5. Nc3 e5 6. Ndb5 d6 7. Bg5 a6 8. Na3 b5 9. Bxf6 gxf6 10. Nd5 Bg7 11. Qh5 Ne7 12. Nxe7 Qxe7 13. Bd3 Bb7 14. c3 Rd8 15. 0-0 0-0 16. Rad1 Qe6 17. Bb1 h6 18. f3 d5 19. Rfe1 dxe4 20. fxe4 Rd7 21. Rxd7 Qxd7 22. Rd1 Qe7 23. Qe2 Rd8 24. Rxd8+ Qxd8 25. Qd3 Qxd3 26. Bxd3 Bf8 27. Nc2 Bc5+ 28. Kf1 Kf8 29. Ke2 Ke7 30. g4 Bg1 1/2-1/2

[Event "FRA-ch U12"]
[Site "Calvi"]
[Date "2005.04.17"]
[Round "1"]
[White "Poiron, Nicolas"]
[Black "Botto, Julien"]
[Result "0-1"]
[WhiteElo "1660"]
[BlackElo "1900"]
[PlyCount "78"]
[EventDate "2005.04.??"]
[EventType "swiss"]
[EventRounds "9"]
[EventCountry "FRA"]
[SourceTitle "EXT 2006"]
[Source "ChessBase"]
[SourceDate "2005.11.24"]
[SourceVersion "1"]
[SourceVersionDate "2005.11.24"]
[SourceQuality "1"]

1. d4 d5 2. c4 c6 3. Nc3 Nf6 4. Nf3 e6 5. e3 Nbd7 6. Qc2 a6 7. a4 Bd6 8. g4 g6 9. g5 Nh5 10. e4 dxe4 11. Nxe4 Bc7 12. c5 e5 13. Nd6+ Bxd6 14. cxd6 Qa5+ 15. Qc3 Qxc3+ 16. bxc3 exd4 17. cxd4 0-0 18. Ne5 Re8 19. Bb2 c5 20. Bc4 Nxe5 21. dxe5 Ng7 22. Rd1 Be6 23. d7 Red8 24. Bxe6 Nxe6 25. Rg1 b5 26. axb5 axb5 27. Rg3 Ra7 28. Rgd3 Nxg5 29. Rc3 Ne6 30. Rcd3 Kf8 31. Bc1 Ke7 32. Rd5 Raxd7 33. Rd6 Rxd6 34. exd6+ Rxd6 35. Rd2 Nd4 36. h3 Nf3+ 37. Ke2 Nxd2 38. Bxd2 Rxd2+ 39. Kxd2 Kd6 0-1